Tous les changements communaux de Vendée depuis 2015 (85) - Statistiques

Statistiques générales
  • Ce quiz a été pris 35 fois
  • Le résultat moyen est 20 sur 70
Réponses sur la Carte
Les réponses sont colorées sur une échelle allant du rouge au vert en fonction du pourcentage des utilisateurs qui les ont devinées à leur premier essai. Vous pouvez retrouver ces pourcentages ci-dessous.
 
Statistiques - réponses
Commune % Correct
Montaigu
79%
Les Sables-d'Olonne
75%
Les Sables-d'Olonne
75%
L'Aiguillon-sur-Mer
54%
Montaigu-Vendée
50%
Olonne-sur-Mer
50%
Cugand
46%
La Faute-sur-Mer
46%
La Verrie
46%
Les Essarts
46%
Bellevigny
42%
Chanverrie
42%
L'Aiguillon-la-Presqu'île
42%
Sèvremont
42%
Château-d'Olonne
38%
Essarts-en-Bocage
38%
La Mothe-Achard
38%
Les Achards
38%
Saint-Georges-de-Montaigu
38%
Aubigny
33%
Boufféré
33%
La Bernardière
33%
La Flocellière
33%
Les Clouzeaux
33%
L'Oie
33%
Sainte-Florence
33%
Saint-Michel-Mont-Mercure
33%
Aubigny-les-Clouzeaux
29%
Belleville-sur-Vie
29%
Chambretaud
29%
Montréverd
29%
Saint-Hilaire-de-Loulay
29%
Nieul-sur-l'Autise
25%
Saligny
25%
Terval
25%
Boulogne
21%
Breuil-Barret
21%
La Génétouze
21%
La Genétouze
21%
La Guyonnière
21%
Mormaison
21%
Mouilleron-en-Pareds
21%
Mouilleron-Saint-Germain
21%
Rives-d'Autise
21%
Rives-de-l'Yon
21%
Rives-du-Fougerais
21%
Saint-André-Treize-Voies
21%
Saint-Sulpice-le-Verdon
21%
Auzay
17%
Cezais
17%
Chaix
17%
Cugand-la-Bernardière
17%
La Chapelle-Achard
17%
La Chapelle-aux-Lys
17%
La Pommeraie-sur-Sèvre
17%
La Tardière
17%
Les Châtelliers-Châteaumur
17%
Saint-Florent-des-Bois
17%
Saint-Germain-l'Aiguiller
17%
Saint-Sulpice-en-Pareds
17%
Thouarsais-Bouildroux
17%
Chaillé-sous-les-Ormeaux
13%
Doix
13%
Fontaines
13%
Oulmes
13%
Auchay-sur-Vendée
8%
Doix-lès-Fontaines
8%
Le Poiré-sur-Velluire
8%
Les Velluire-sur-Vendée
8%
Velluire
8%
Aucun quiz correspondant
Distribution des résultats
% des personnes avec chaque résultat
Percentile par nombre de réponses
Votre historique - résultats
Vous n’avez pas pris ce quiz